Impact of economic Downturn on Comparative Performance of Islamic Banks and Conventional Banks of Pakistan / (Record no. 527149)
[ view plain ]
| 000 -LEADER | |
|---|---|
| fixed length control field | 00479nam a22001457a 4500 |
| 020 ## - INTERNATIONAL STANDARD BOOK NUMBER | |
| Qualifying information | Hard Cover. |
| 082 ## - DEWEY DECIMAL CLASSIFICATION NUMBER | |
| Classification number | 658 |
| 100 ## - MAIN ENTRY--PERSONAL NAME | |
| Personal name | Faiz, Uzma |
| 245 ## - TITLE STATEMENT | |
| Title | Impact of economic Downturn on Comparative Performance of Islamic Banks and Conventional Banks of Pakistan / |
| Statement of responsibility, etc. | Uzma Faiz |
| 300 ## - PHYSICAL DESCRIPTION | |
| Extent | 60 p. : ill. ; |
| Dimensions | 30cm. |
| 942 ## - ADDED ENTRY ELEMENTS (KOHA) | |
| Source of classification or shelving scheme | |
| Koha item type | Thesis |
| 700 ## - ADDED ENTRY--PERSONAL NAME | |
| Personal name | Mr. Fazli Azim |
| 690 ## - LOCAL SUBJECT ADDED ENTRY--TOPICAL TERM (OCLC, RLIN) | |
| -- | 18264 |
| 700 ## - ADDED ENTRY--PERSONAL NAME | |
| -- | 17761 |
| Withdrawn status | Lost status | Source of classification or shelving scheme | Damaged status | Not for loan | Permanent Location | Current Location | Shelving location | Date acquired | Full call number | Barcode | Date last seen | Price effective from | Non-public note | Koha item type |
|---|---|---|---|---|---|---|---|---|---|---|---|---|---|---|
| Central Library (CL) | Central Library (CL) | Thesis | 07/22/2019 | 658 | CL-T-2743 | 07/25/2019 | 07/22/2019 | Minute Sheet No. 0929/02/CL/Survey/5 dated 23rd April 2024 E-MIN ID 114741 | Thesis |
